Państwa świata - Statystyki

Ogólne statystyki
  • Ten quiz został rozwiązany 160 razy
  • Średni wynik to 109 z 196
Odpowiedzi na mapie
Odpowiedzi zakodowano w zielono-czerwonej skali na mapie do tego quizu, zgodnie z poniższymi procentami.
 
Statystyki odpowiedzi
Kraj % Poprawnych
Stany Zjednoczone
100%
Polska
93%
Rosja
93%
Szwecja
93%
Włochy
93%
Czechy
92%
Francja
92%
Hiszpania
92%
Meksyk
92%
Portugalia
92%
Brazylia
90%
Niemcy
90%
Chiny
89%
Dania
89%
Słowacja
89%
Ukraina
89%
Norwegia
88%
Wielka Brytania
88%
Kanada
86%
Irlandia
85%
Szwajcaria
85%
Turcja
85%
Estonia
84%
Finlandia
84%
Holandia
84%
Litwa
84%
Łotwa
84%
Węgry
84%
Australia
82%
Belgia
82%
Egipt
82%
Japonia
82%
Słowenia
82%
Rumunia
81%
Argentyna
79%
Białoruś
79%
Chile
79%
Austria
78%
Bułgaria
78%
Indie
78%
Islandia
78%
Republika Południowej Afryki
78%
Irak
77%
Iran
77%
Kuba
77%
Grecja
74%
Korea Północna
73%
Korea Południowa
73%
Madagaskar
73%
Chorwacja
71%
Indonezja
71%
Kazachstan
71%
Mongolia
71%
Niger
71%
Kosowo
70%
Maroko
70%
Izrael
67%
Zjednoczone Emiraty Arabskie
67%
Albania
66%
Arabia Saudyjska
66%
Peru
66%
Boliwia
64%
Bośnia i Hercegowina
64%
Filipiny
64%
Monako
64%
Nigeria
64%
Nowa Zelandia
64%
Oman
64%
Luksemburg
63%
Watykan
63%
Wenezuela
63%
Algieria
62%
Dominika
62%
Kolumbia
62%
Macedonia Północna
62%
Serbia
62%
Demokratyczna Republika Konga
60%
Gruzja
60%
Tajlandia
60%
Urugwaj
60%
Czarnogóra
59%
Mołdawia
59%
Pakistan
59%
Uzbekistan
59%
Wietnam
59%
Panama
58%
San Marino
58%
Cypr
56%
Jemen
56%
Libia
56%
Tajwan
56%
Czad
55%
Dominikana
55%
Kongo
55%
Liechtenstein
55%
Tadżykistan
55%
Tunezja
55%
Afganistan
53%
Azerbejdżan
53%
Nepal
53%
Paragwaj
53%
Kenia
52%
Andora
51%
Bangladesz
51%
Kostaryka
51%
Liban
51%
Etiopia
49%
Malta
49%
Sudan
49%
Syria
49%
Wybrzeże Kości Słoniowej
49%
Armenia
48%
Ekwador
48%
Gwatemala
48%
Sri Lanka
48%
Turkmenistan
48%
Haiti
47%
Jamajka
47%
Kambodża
47%
Katar
47%
Malezja
47%
Somalia
47%
Bhutan
45%
Gujana
45%
Mjanma
45%
Senegal
45%
Laos
44%
Papua-Nowa Gwinea
44%
Honduras
42%
Mali
42%
Surinam
42%
Angola
41%
Ghana
41%
Jordania
41%
Kirgistan
41%
Sudan Południowy
41%
Fidżi
40%
Gwinea
40%
Kuwejt
40%
Mauretania
40%
Singapur
40%
Malediwy
38%
Mozambik
38%
Belize
37%
Erytrea
37%
Bahamy
36%
Nikaragua
36%
Salwador
36%
Tanzania
36%
Togo
36%
Zambia
36%
Bahrajn
34%
Brunei
34%
Dżibuti
34%
Gwinea Równikowa
34%
Republika Zielonego Przylądka
34%
Seszele
34%
Uganda
34%
Zimbabwe
34%
Barbados
33%
Gabon
33%
Wyspy Marshalla
33%
Wyspy Świętego Tomasza i Książeca
33%
Eswatini
32%
Lesotho
32%
Liberia
32%
Mauritius
32%
Tonga
32%
Wyspy Salomona
32%
Gambia
30%
Gwinea Bissau
30%
Mikronezja
30%
Namibia
30%
Republika Środkowoafrykańska
30%
Samoa
30%
Botswana
29%
Burundi
29%
Palau
29%
Rwanda
29%
Saint Lucia
29%
Timor Wschodni
29%
Trynidad i Tobago
29%
Tuvalu
29%
Antigua i Barbuda
27%
Grenada
27%
Kiribati
27%
Malawi
27%
Benin
26%
Burkina Faso
26%
Kamerun
26%
Komory
26%
Nauru
26%
Saint Kitts i Nevis
26%
Sierra Leone
26%
Vanuatu
26%
Saint Vincent i Grenadyny
23%
Nie znaleziono quizów pasujących do podanych kryteriów
Rozkład punktacji
Procent ludzi z każdym wynikiem
Percentyl według liczby udzielonych odpowiedzi
Twoja historia wyników
Nie rozwiązałeś tego quizu